[Event "Paignton Premier 45th"]
[Site "Paignton"]
[Date "1995.09.06"]
[Round "4.9"]
[White "Hempson, Peter W"]
[Black "Brusey, Alan W"]
[Result "1/2-1/2"]
[WhiteElo "2255"]
[BlackElo "2016"]
[PlyCount "70"]
[EventDate "1995.09.03"]
[EventType "swiss"]
[EventRounds "7"]
[EventCountry "ENG"]
[SourceTitle "BritBase"]
[Source "John Saunders"]
[SourceDate "2023.06.09"]
[SourceVersion "1"]
[SourceVersionDate "2023.06.09"]
[SourceQuality "1"]

1. d4 d5 2. c4 c6 3. Nf3 Nf6 4. Nc3 dxc4 5. a4 Bg4 6. Ne5 Bh5 7. f3 Nfd7 8.
Nxc4 e5 9. Be3 Bb4 10. Qb3 a5 11. Rd1 e4 12. fxe4 Qh4+ 13. Bf2 Qe7 14. g3 b5
15. Nd2 bxa4 16. Qxa4 Nf6 17. Bg2 O-O 18. Bf3 Bxf3 19. exf3 Nd5 20. Ne2 Nb6 21.
Qc2 N8d7 22. O-O c5 23. d5 Ne5 24. Kg2 Rab8 25. f4 Ng4 26. Nc4 Rfe8 27. d6 Nxc4
28. Qxc4 Qxe4+ 29. Qxe4 Rxe4 30. Nc3 Re6 31. Nd5 Rd8 32. d7 Nxf2 33. Kxf2 Kf8
34. Nxb4 cxb4 35. Rd5 a4 1/2-1/2

[Event "Paignton Premier 45th"]
[Site "Paignton"]
[Date "1995.09.06"]
[Round "4.10"]
[White "Archibald, Alan David"]
[Black "Parr, David"]
[Result "1/2-1/2"]
[WhiteElo "1840"]
[BlackElo "2220"]
[PlyCount "57"]
[EventDate "1995.09.03"]
[EventType "swiss"]
[EventRounds "7"]
[EventCountry "ENG"]
[SourceTitle "BritBase"]
[Source "John Saunders"]
[SourceDate "2023.06.09"]
[SourceVersion "1"]
[SourceVersionDate "2023.06.09"]
[SourceQuality "1"]

1. c4 f5 2. g3 Nf6 3. Bg2 d6 4. Nc3 g6 5. d3 Bg7 6. Rb1 O-O 7. e3 e5 8. Nge2 c6
9. O-O Nbd7 10. b4 a5 11. b5 c5 12. Nd5 Nxd5 13. Bxd5+ Kh8 14. Bb2 Rb8 15. d4
Nb6 16. dxe5 dxe5 17. Nc3 Nxd5 18. Qxd5 Qxd5 19. Nxd5 b6 20. Rfd1 Be6 21. Rd2
e4 22. Bxg7+ Kxg7 23. Rbd1 Kf7 24. Kf1 Rfd8 25. Ke1 Bxd5 26. Rxd5 Rxd5 27. Rxd5
Ke7 28. h4 Rd8 29. Rxd8 1/2-1/2

[Event "Paignton Premier 45th"]
[Site "Paignton"]
[Date "1995.09.06"]
[Round "4.11"]
[White "Moore, Gerald"]
[Black "Stegeman, Frits"]
[Result "1-0"]
[WhiteElo "2210"]
[BlackElo "1928"]
[PlyCount "41"]
[EventDate "1995.09.03"]
[EventType "swiss"]
[EventRounds "7"]
[EventCountry "ENG"]
[SourceTitle "BritBase"]
[Source "John Saunders"]
[SourceDate "2023.06.09"]
[SourceVersion "1"]
[SourceVersionDate "2023.06.09"]
[SourceQuality "1"]

1. e4 e5 2. f4 exf4 3. Nf3 Be7 4. Bc4 Nf6 5. e5 Ng4 6. O-O d5 7. exd6 Qxd6 8.
d4 O-O 9. Nc3 c6 10. Qd3 Qh6 11. Bd2 Nd7 12. Rae1 Bd6 13. Ne4 Bc7 14. Neg5 Ndf6
15. Re7 Bd7 16. Nxf7 Rxf7 17. Rxf7 Kh8 18. h3 Ne3 19. Bxe3 fxe3 20. Ne5 Bxh3
21. R7xf6 1-0

[Event "Paignton Premier 45th"]
[Site "Paignton"]
[Date "1995.09.06"]
[Round "4.13"]
[White "Waldteufel, Roberto E"]
[Black "Thompson, Ian D"]
[Result "0-1"]
[WhiteElo "1904"]
[BlackElo "2310"]
[PlyCount "84"]
[EventDate "1995.09.03"]
[EventType "swiss"]
[EventRounds "7"]
[EventCountry "ENG"]
[SourceTitle "BritBase"]
[Source "John Saunders"]
[SourceDate "2023.06.09"]
[SourceVersion "1"]
[SourceVersionDate "2023.06.09"]
[SourceQuality "1"]

1. d4 e6 2. Bf4 Nf6 3. e3 b6 4. Nf3 Be7 5. Nbd2 Bb7 6. c3 O-O 7. Bd3 d5 8. Ne5
c5 9. Qf3 Nbd7 10. Qh3 g6 11. Bh6 Re8 12. f4 Ne4 13. Ndf3 cxd4 14. exd4 a6 15.
O-O f5 16. Nxd7 Qxd7 17. Ne5 Qc7 18. Rf3 Bf6 19. Re1 a5 20. g4 Ba6 21. Bxe4
fxe4 22. Rg3 b5 23. Qg2 Bh4 24. Ree3 Bxg3 25. Rxg3 b4 26. f5 bxc3 27. Rxc3 Qb6
28. Qf2 exf5 29. gxf5 Rxe5 30. dxe5 Qxf2+ 31. Kxf2 d4 32. Rc5 e3+ 33. Ke1 Rc8
34. Rxc8+ Bxc8 35. fxg6 {(draw offer)} hxg6 36. Bg5 $2 (36. Ke2 $11) 36... Kf7
37. Bd8 Ke6 38. Bxa5 Kxe5 39. Bb4 Bd7 40. Ba5 Ke4 41. a3 g5 42. Bb4 g4 0-1

[Event "Paignton Premier 45th"]
[Site "Paignton"]
[Date "1995.09.06"]
[Round "4.14"]
[White "Benson, Paul J"]
[Black "Savory, Richard J"]
[Result "1-0"]
[WhiteElo "1936"]
[BlackElo "2080"]
[PlyCount "91"]
[EventDate "1995.09.03"]
[EventType "swiss"]
[EventRounds "7"]
[EventCountry "ENG"]
[SourceTitle "BritBase"]
[Source "John Saunders"]
[SourceDate "2023.06.09"]
[SourceVersion "1"]
[SourceVersionDate "2023.06.09"]
[SourceQuality "1"]

1. d4 d5 2. Nc3 Nf6 3. Bg5 Bf5 4. e3 e6 5. g4 Bg6 6. Nge2 h6 7. Bxf6 Qxf6 8.
Nf4 Bb4 9. Bd3 Bxd3 10. Qxd3 O-O 11. O-O-O c5 12. h4 cxd4 13. g5 Qe5 14. Nce2
dxe3 15. gxh6 exf2 16. hxg7 Kxg7 17. Qg3+ Kf6 18. Qxf2 Ke7 19. Nd3 Qd6 20. Nxb4
Qxb4 21. h5 Nc6 22. h6 Ne5 23. Nf4 Rac8 24. Rhe1 f6 25. Rxe5 fxe5 26. Ng6+ Kd7
27. Nxf8+ Qxf8 28. Qxa7 Qxh6+ 29. Kb1 Rc7 30. Rf1 Qd2 31. Qa4+ Rc6 32. Rf7+ Ke8
33. Rf1 Qh6 34. Qa8+ Kd7 {(only one scoresheet available, and the next few
moves were evidently filled in after the time control by Black)} 35. Qxb7+ {
("Qb5+")} Rc7 {("Ke7")} 36. Qb5+ Ke7 37. Qb4+ Kd7 38. Qb5+ Ke7 39. Qb4+ Kd7 40.
a4 Qg7 {(This is the position after 39 moves on the only scoresheet but I
think it should be after move 40. Hereafter the sequence of moves recorded
makes sense.)} 41. Qb5+ Ke7 42. a5 Qg8 43. Qb4+ Kd7 44. a6 Qe8 45. a7 Qa8 46.
Rf7+ 1-0

[Event "Paignton Premier 45th"]
[Site "Paignton"]
[Date "1995.09.06"]
[Round "4.15"]
[White "Rety, John"]
[Black "George, Ian M"]
[Result "0-1"]
[WhiteElo "1872"]
[BlackElo "2072"]
[PlyCount "116"]
[EventDate "1995.09.03"]
[EventType "swiss"]
[EventRounds "7"]
[EventCountry "ENG"]
[SourceTitle "BritBase"]
[Source "John Saunders"]
[SourceDate "2023.06.09"]
[SourceVersion "1"]
[SourceVersionDate "2023.06.09"]
[SourceQuality "1"]

1. c4 Nf6 2. Nc3 e5 3. d3 Bb4 4. Bd2 O-O 5. Nf3 Re8 6. a3 Bf8 7. g3 c6 8. Bg2
d5 9. O-O h6 10. Qc2 d4 11. Ne4 Nxe4 12. dxe4 a5 13. b4 c5 14. Rfb1 axb4 15.
axb4 Rxa1 16. Rxa1 cxb4 17. Ne1 Nc6 18. Nd3 Bg4 19. f3 Be6 20. f4 f6 21. Bf3
Qb6 22. c5 Qb5 23. Qa4 Bc4 24. Qxb5 Bxb5 25. Nxb4 Bxc5 26. Nd3 Bd6 27. Rb1 Ba6
28. Bg4 exf4 29. gxf4 Rxe4 30. Bf3 Re7 31. Kf2 Rc7 32. Rb6 Bxd3 33. exd3 Bc5
34. Rb5 b6 35. Rb1 Kf8 36. Re1 Ne7 37. Ra1 f5 38. Bh5 g6 39. Bf3 Kf7 40. h4 h5
41. Ra2 Rd7 42. Ra8 Ke6 43. Ra6 Rd6 44. Ra1 Nd5 45. Rb1 Nc3 46. Rb3 b5 47. Kg3
b4 48. Bc1 Ra6 49. Rb2 Ra2 50. Kh3 Rxb2 51. Bxb2 Na4 52. Ba1 b3 53. Bd1 b2 54.
Bxb2 Nxb2 55. Bb3+ Kf6 56. Bc2 Bb4 57. Kg3 Be1+ 58. Kh3 Bf2 0-1

[Event "Paignton Premier 45th"]
[Site "Paignton"]
[Date "1995.09.06"]
[Round "4.16"]
[White "Williams, Philip J"]
[Black "Brogden, John G"]
[Result "1/2-1/2"]
[WhiteElo "1832"]
[BlackElo "1888"]
[PlyCount "43"]
[EventDate "1995.09.03"]
[EventType "swiss"]
[EventRounds "7"]
[EventCountry "ENG"]
[SourceTitle "BritBase"]
[Source "John Saunders"]
[SourceDate "2023.06.09"]
[SourceVersion "1"]
[SourceVersionDate "2023.06.09"]
[SourceQuality "1"]

1. e4 e5 2. Nf3 Nc6 3. Bb5 Nf6 4. O-O Nxe4 5. d4 Be7 6. d5 Nd6 7. Be2 e4 8.
dxc6 exf3 9. cxd7+ Bxd7 10. Bxf3 O-O 11. Nc3 c6 12. Bf4 Be6 13. b3 Nf5 14. Ne2
Bf6 15. Qxd8 Rfxd8 16. Rad1 Rac8 17. Be4 Ne7 18. c4 Nf5 19. Bc2 Nd4 20. Nxd4
Bxd4 21. h3 h6 22. Rfe1 1/2-1/2

[Event "Paignton Premier 45th"]
[Site "Paignton"]
[Date "1995.09.06"]
[Round "4.17"]
[White "White, Mark W"]
[Black "Wright, Andrew D"]
[Result "1-0"]
[WhiteElo "1992"]
[BlackElo "1560"]
[PlyCount "35"]
[EventDate "1995.09.03"]
[EventType "swiss"]
[EventRounds "7"]
[EventCountry "ENG"]
[SourceTitle "BritBase"]
[Source "John Saunders"]
[SourceDate "2023.06.09"]
[SourceVersion "1"]
[SourceVersionDate "2023.06.09"]
[SourceQuality "1"]

1. e4 Nf6 2. e5 Nd5 3. d4 d6 4. Nf3 Bg4 5. Be2 Nc6 6. O-O e6 7. c4 Nb6 8. exd6
cxd6 9. d5 Bxf3 10. Bxf3 Ne5 11. dxe6 fxe6 12. Bxb7 Rb8 13. f4 Nexc4 14. Bc6+
Nd7 15. Kh1 Nxb2 16. Qe2 Qf6 17. f5 Ke7 18. Bg5 1-0

[Event "Paignton Premier 45th"]
[Site "Paignton"]
[Date "1995.09.06"]
[Round "4.18"]
[White "Soesan, Joseph Maurice"]
[Black "Isherwood, Paul"]
[Result "0-1"]
[WhiteElo "1792"]
[BlackElo "1832"]
[PlyCount "134"]
[EventDate "1995.09.03"]
[EventType "swiss"]
[EventRounds "7"]
[EventCountry "ENG"]
[SourceTitle "BritBase"]
[Source "John Saunders"]
[SourceDate "2023.06.09"]
[SourceVersion "1"]
[SourceVersionDate "2023.06.09"]
[SourceQuality "1"]

1. d4 Nf6 2. Nf3 d6 3. Bf4 Nbd7 4. Nbd2 c6 5. h3 Qc7 6. e3 b5 7. a4 a6 8. axb5
cxb5 9. Bxb5 Qb8 10. Bxd7+ Bxd7 11. b3 Nd5 12. c4 Nxf4 13. exf4 g6 14. Qe2 Bg7
15. O-O Ra7 16. Ra3 Bc8 17. Rfa1 O-O 18. R1a2 Qb6 19. Qe3 a5 20. c5 Qb5 21. Nc4
dxc5 22. dxc5 Be6 23. Rxa5 Rxa5 24. Rxa5 Qd7 25. Ncd2 Rb8 26. Ne5 Qd5 27. Ra4
Rd8 28. Nef3 Bd7 29. Ra7 e6 30. b4 Bc6 31. Ra3 Bb2 32. Qb3 $4 ({White was
probably afraid of} 32. Rb3 Bc1 {- an awkward pin - but then} 33. b5 Bxd2 34.
Qxd2 Qxd2 35. Nxd2 Bxb5 36. Ne4 {with good winning chances.}) ({or, better
still,} 32. Ra6 $1 Bc1 33. Qc3 {and White is winning.}) 32... Bxa3 33. Qxa3 Ra8
34. Qc3 Ra2 35. Nf1 Qf5 36. Ne3 Qxf4 37. Ng4 e5 38. Ngxe5 Bxf3 39. Nxf3 Ra4 40.
Ne5 Rxb4 41. g3 Rb1+ 42. Kg2 Qe4+ 43. Nf3 Qd5 44. c6 Rb8 45. Qe5 Qxe5 46. Nxe5
Rc8 47. g4 f6 48. Nf3 Rxc6 49. h4 Rc5 50. Kg3 Kf7 51. g5 Ke6 52. gxf6 Kxf6 53.
Ng5 h6 54. Nh3 Kf5 55. f3 Ke5 56. Nf2 h5 57. Nh3 Ra5 58. Ng5 Ra3 59. Nf7+ Kd4
60. Kf4 Ra5 61. Ng5 Rf5+ 62. Kg3 Ke3 63. Kg2 Rxg5+ 64. hxg5 Kf4 65. Kf2 Kxg5
66. Kg3 Kf5 67. f4 Ke4 0-1

[Event "Paignton Premier 45th"]
[Site "Paignton"]
[Date "1995.09.07"]
[Round "5.1"]
[White "Buckley, Graeme N"]
[Black "Mordue, A Tyson"]
[Result "1/2-1/2"]
[WhiteElo "2355"]
[BlackElo "2230"]
[PlyCount "115"]
[EventDate "1995.09.03"]
[EventType "swiss"]
[EventRounds "7"]
[EventCountry "ENG"]
[SourceTitle "BritBase"]
[Source "John Saunders"]
[SourceDate "2023.06.09"]
[SourceVersion "1"]
[SourceVersionDate "2023.06.09"]
[SourceQuality "1"]

1. d4 Nf6 2. c4 g6 3. Nc3 Bg7 4. e4 d6 5. Be2 O-O 6. Bg5 c5 7. d5 h6 8. Be3 e6
9. Qd2 exd5 10. cxd5 Kh7 11. f3 a6 12. a4 b6 13. g4 Ra7 14. h4 Re8 15. Nh3 Rae7
16. Nf2 Nbd7 17. O-O-O b5 18. axb5 Qa5 19. Kc2 axb5 20. Ra1 Qb6 21. Bxb5 Nxd5
22. Qxd5 Bxc3 23. Qc6 Qxc6 24. Bxc6 Bg7 25. Rhd1 Re6 26. Ra7 R8e7 27. Ra8 Nb6
28. Rb8 Nc4 29. Bc1 Ba6 30. Bd5 Re8 31. Rxe8 Rxe8 32. b3 Ne5 33. f4 Nf3 34.
Bxf7 Nd4+ 35. Rxd4 Bxd4 36. Bxe8 Bxf2 37. h5 gxh5 38. gxh5 Bd4 39. Bd2 Kg7 40.
Bg6 Be2 41. Ba5 Be3 42. Bc3+ Kf8 43. f5 Bf4 44. b4 cxb4 45. Bxb4 Kg7 46. Ba5
Bf3 47. Kd3 Be5 48. Kc4 Bd1 49. Bb4 Kf6 50. Ba5 Bc2 51. Bd8+ Kg7 52. Bb6 Kf6
53. Kb5 Bd3+ 54. Kb4 Bxe4 55. Bd8+ Kg7 56. Be7 Bf3 57. Kb5 d5 58. Kc5 1/2-1/2

[Event "Paignton Premier 45th"]
[Site "Paignton"]
[Date "1995.09.07"]
[Round "5.2"]
[White "Cole, Roland B"]
[Black "Arkell, Keith C"]
[Result "0-1"]
[WhiteElo "2250"]
[BlackElo "2505"]
[PlyCount "70"]
[EventDate "1995.09.03"]
[EventType "swiss"]
[EventRounds "7"]
[EventCountry "ENG"]
[SourceTitle "BritBase"]
[Source "John Saunders"]
[SourceDate "2023.06.09"]
[SourceVersion "1"]
[SourceVersionDate "2023.06.09"]
[SourceQuality "1"]

1. d4 Nf6 2. c4 e6 3. Nc3 Bb4 4. g3 c5 5. Nf3 cxd4 6. Nxd4 Qc7 7. Qd3 a6 8. Bg2
Nc6 9. Nxc6 bxc6 10. O-O O-O 11. Bf4 Qa5 12. Bd2 Qh5 13. Qf3 Qxf3 14. Bxf3 a5
15. Rfd1 Ba6 16. Ne4 Nxe4 17. Bxb4 axb4 18. Bxe4 Rfd8 19. b3 f5 20. Bd3 c5 21.
e4 g6 22. f3 Bb7 23. Rd2 Kf7 24. Rad1 Bc6 25. Kf2 Ke7 26. Ke3 Rf8 27. f4 Ra7
28. Bb1 Rfa8 29. h3 {(draw offer)} Ra6 30. g4 fxe4 31. Rd6 $2 (31. Bxe4 $11)
31... Rxa2 $1 $19 32. Bxe4 (32. Bxa2 Rxa2 33. R6d2 Ra3 34. Rb2 d5 $19) 32...
R8a3 33. R6d3 d5 34. f5 (34. cxd5 exd5 35. Bxd5 Bxd5 36. Rxd5 Rxb3+ $19) 34...
dxe4 35. Rd6 Bd5 0-1

[Event "Paignton Premier 45th"]
[Site "Paignton"]
[Date "1995.09.07"]
[Round "5.3"]
[White "Richardson, Kevin Derek"]
[Black "Lane, Gary William"]
[Result "0-1"]
[WhiteElo "2170"]
[BlackElo "2400"]
[PlyCount "56"]
[EventDate "1995.09.03"]
[EventType "swiss"]
[EventRounds "7"]
[EventCountry "ENG"]
[SourceTitle "BritBase"]
[Source "John Saunders"]
[SourceDate "2023.06.09"]
[SourceVersion "1"]
[SourceVersionDate "2023.06.09"]
[SourceQuality "1"]

1. e4 e5 2. Nf3 Nc6 3. Bb5 a6 4. Ba4 Nf6 5. O-O b5 6. Bb3 Bc5 7. Nxe5 Nxe5 8.
d4 Bxd4 9. Qxd4 d6 10. c4 c5 11. Qd1 O-O 12. cxb5 axb5 13. Bg5 h6 14. Bh4 Ng6
15. Bxf6 Qxf6 16. Nc3 Rb8 17. Qd2 Nf4 18. Rad1 c4 19. Bc2 b4 20. Nd5 Nxd5 21.
exd5 Ba6 22. Rfe1 c3 23. bxc3 bxc3 24. Qe3 Rb2 25. Qe4 g6 26. Re3 Bb5 27. Rf3
Qg7 28. Ra1 Re8 0-1

[Event "Paignton Premier 45th"]
[Site "Paignton"]
[Date "1995.09.07"]
[Round "5.4"]
[White "Smith, Alan A"]
[Black "Peters, Stephen G"]
[Result "1/2-1/2"]
[WhiteElo "2255"]
[BlackElo "2144"]
[PlyCount "53"]
[EventDate "1995.09.03"]
[EventType "swiss"]
[EventRounds "7"]
[EventCountry "ENG"]
[SourceTitle "BritBase"]
[Source "John Saunders"]
[SourceDate "2023.06.09"]
[SourceVersion "1"]
[SourceVersionDate "2023.06.09"]
[SourceQuality "1"]

1. d4 Nf6 2. Nf3 g6 3. c4 Bg7 4. Nc3 d6 5. e4 O-O 6. Be2 e5 7. Bg5 Qe8 8. dxe5
dxe5 9. Nd5 Nxd5 10. cxd5 c6 11. d6 f6 12. Qb3+ Be6 13. Qxb7 Nd7 14. Be3 Qb8
15. Qxb8 Rfxb8 16. b3 Bf8 17. Rc1 c5 18. O-O Bxd6 19. Rfd1 Be7 20. Bc4 Nf8 21.
Bd5 Bxd5 22. exd5 Nd7 23. d6 Bf8 24. Bxc5 Nxc5 25. Rxc5 Rd8 26. Rcd5 Rd7 27. g4
1/2-1/2

[Event "Paignton Premier 45th"]
[Site "Paignton"]
[Date "1995.09.07"]
[Round "5.5"]
[White "Saunders, John C"]
[Black "Crickmore, Neil EG"]
[Result "1/2-1/2"]
[WhiteElo "2240"]
[BlackElo "2160"]
[PlyCount "122"]
[EventDate "1995.09.03"]
[EventType "swiss"]
[EventRounds "7"]
[EventCountry "ENG"]
[SourceTitle "BritBase"]
[Source "John Saunders"]
[SourceDate "2023.06.09"]
[SourceVersion "1"]
[SourceVersionDate "2023.06.09"]
[SourceQuality "1"]

1. c4 e6 2. Nc3 d5 3. d4 Nf6 4. Nf3 Be7 5. g3 O-O 6. Bg2 dxc4 7. Qa4 a6 8. Qxc4
b5 9. Qd3 Bb7 10. Bg5 c5 11. dxc5 Qxd3 12. exd3 Bxc5 13. O-O Nc6 14. Ne4 Nxe4
15. dxe4 f6 16. Bd2 Nd4 $17 17. Nxd4 Bxd4 18. Rab1 Rfc8 19. Rfc1 Rxc1+ 20. Rxc1
Bxb2 21. Rc7 Rd8 22. Rxb7 Rxd2 23. Bh3 f5 24. exf5 exf5 25. Bxf5 Bd4 26. Be6+
Kf8 27. Rf7+ Ke8 28. Rf3 Ke7 29. Bb3 a5 30. Rf5 a4 31. Bg8 b4 32. Ra5 Rxf2 33.
Kh1 a3 $19 34. Rb5 Bc3 35. Bb3 Rb2 36. Bg8 h6 37. Rb6 Rd2 38. Bb3 Kd7 39. Rg6
Rb2 40. Ra6 Kc7 41. Ra5 Kb6 42. Ra8 Kc5 43. Bg8 {(sealed)} Kd4 44. Kg1 Ke3 45.
Re8+ Kd2 46. Kf2 Kc1+ 47. Ke3 Rxh2 48. Rf8 Rh1 49. Rf2 Re1+ 50. Re2 Rg1 51. Kf2
Bd4+ 52. Kf3 Bc3 53. Rg2 Re1 54. Re2 Rh1 55. Rg2 Bd2 56. Bb3 Rh5 57. Ke4 Rc5
58. Rg1+ Kb2 59. Rg2 Kc1 60. Rg1+ Kb2 61. Rg2 Kc3 {(sealed) Source: John
Saunders} (61... Kc3 62. Rf2 Rc8 63. Rf3+ Kb2 64. Rf2 Rd8 65. Bc4 Kb1 66. Bb3
Bc1 {/\ Rc8-c3xb3-+}) 1/2-1/2

[Event "Paignton Premier 45th"]
[Site "Paignton"]
[Date "1995.09.07"]
[Round "5.6"]
[White "Lamb, Harry"]
[Black "Cock, John Crowle"]
[Result "1-0"]
[WhiteElo "2260"]
[BlackElo "1888"]
[PlyCount "72"]
[EventDate "1995.09.03"]
[EventType "swiss"]
[EventRounds "7"]
[EventCountry "ENG"]
[SourceTitle "BritBase"]
[Source "John Saunders"]
[SourceDate "2023.06.09"]
[SourceVersion "1"]
[SourceVersionDate "2023.06.09"]
[SourceQuality "1"]

1. Nf3 c5 2. g3 g6 3. Bg2 Bg7 4. d4 cxd4 5. Nxd4 Nc6 6. Nb3 d6 7. c4 Be6 8. c5
Rc8 9. O-O Nf6 10. Nc3 O-O 11. cxd6 exd6 12. e4 Qd7 13. Bg5 h6 14. Bf4 Rfd8 15.
Qd2 g5 16. Be3 Ne5 17. Bd4 Bh3 18. f4 Nc4 19. Qe2 Bxg2 20. Kxg2 g4 21. Rae1 h5
22. Rh1 b5 23. h3 Re8 24. hxg4 hxg4 25. Rh4 {From this point on, neither
scoresheet is fully credible. White's is barely legible, while Black's is
reasonably legible in an unusual sort of descriptive notation but some of the
moves look wrong.} Nxe4 26. Bxg7 f5 27. Qd3 Qxg7 28. Qd5+ Kf8 29. Qxf5+ Nf6 30.
Rxe8+ Kxe8 ({Apparently leaving a rook en prise, which White doesn't take.
Instead Black would be fine after} 30... Rxe8 {. The score must be wrong but
no obvious way to fix it springs to mind. By now White's scoresheet had
descended into gibberish. It seems to give 29...Rxe8 but then White's 30th is
given as a blank then Black's 30th is Kxe8, then 31 Qd6ch Kd5 32 Ne4, the rest
cannot be read and scoring ceases completely after White's 35th. JS}) 31. Qe6+
{("QK6ch")} Kd8 32. Nd4 a6 {("R3" - Black recorded pawn moves thus - just the
target square in descriptive notation, e.g the first two moves of the game
were recorded "NKB3 QB4")} 33. Qe2 Qb7+ 34. Kg1 Qf7 35. Ne4 Kc7 ({Now Black
could win with} 35... Qd5) 36. Nxf6 Qxf6 {"and resigns".} 1-0

[Event "Paignton Premier 45th"]
[Site "Paignton"]
[Date "1995.09.07"]
[Round "5.7"]
[White "Dodgson, John A"]
[Black "Moore, Gerald"]
[Result "0-1"]
[WhiteElo "2130"]
[BlackElo "2210"]
[PlyCount "74"]
[EventDate "1995.09.03"]
[EventType "swiss"]
[EventRounds "7"]
[EventCountry "ENG"]
[SourceTitle "BritBase"]
[Source "John Saunders"]
[SourceDate "2023.06.09"]
[SourceVersion "1"]
[SourceVersionDate "2023.06.09"]
[SourceQuality "1"]

1. Nf3 Nf6 2. g3 g6 3. Bg2 Bg7 4. O-O O-O 5. d3 d5 6. Nbd2 Nc6 7. e4 e5 8. c3
h6 9. a4 Re8 10. a5 dxe4 11. dxe4 b6 12. axb6 cxb6 13. Qa4 Qc7 14. Re1 Bb7 15.
Nc4 a6 16. Ne3 b5 17. Qa2 Rad8 18. Nd2 Nb8 19. c4 Nc6 20. cxb5 axb5 21. Qb3 Nd4
22. Qc3 Qb6 23. Qa5 Qxa5 24. Rxa5 Bf8 25. f3 Bb4 26. Ra7 Re7 27. Nd5 Nxd5 28.
exd5 Nc2 29. Rxb7 Rxb7 30. Rxe5 Bc5+ 31. Kh1 Bd4 32. Re2 Rc7 33. Nb3 Bg7 34.
Bf4 Rc4 35. Bf1 Nd4 36. Re4 Nxb3 37. Bxc4 bxc4 0-1

[Event "Paignton Premier 45th"]
[Site "Paignton"]
[Date "1995.09.07"]
[Round "5.8"]
[White "Thompson, Ian D"]
[Black "Wheeler, John Francis"]
[Result "1-0"]
[WhiteElo "2310"]
[BlackElo "2128"]
[PlyCount "99"]
[EventDate "1995.09.03"]
[EventType "swiss"]
[EventRounds "7"]
[EventCountry "ENG"]
[SourceTitle "BritBase"]
[Source "John Saunders"]
[SourceDate "2023.06.09"]
[SourceVersion "1"]
[SourceVersionDate "2023.06.09"]
[SourceQuality "1"]

1. c4 Nf6 2. Nc3 g6 3. g3 Bg7 4. Bg2 O-O 5. e4 d6 6. Nge2 e5 7. d3 Nc6 8. O-O
Be6 9. h3 Qd7 10. Kh2 Ne8 11. g4 f5 12. gxf5 gxf5 13. exf5 Bxf5 14. Ng3 Be6 15.
Nce4 Nd4 16. Ng5 c6 17. f4 Nf5 18. Nh5 Bh8 19. Qg4 Neg7 20. Nxe6 Qxe6 21. fxe5
dxe5 22. Be4 Qg6 23. Nxg7 Qxg4 24. hxg4 Nxg7 25. Bh6 Rxf1 26. Rxf1 Ne6 27. Kg3
Bg7 28. Bxg7 Kxg7 29. Rf5 Nc5 30. Rxe5 Nxe4+ 31. Rxe4 Kf6 32. d4 Rg8 33. Kf4 h6
34. b4 a5 35. bxa5 Ra8 36. Re5 Rd8 37. d5 cxd5 38. cxd5 Rd6 39. Rf5+ Ke7 40.
Ke5 Rg6 41. Rf4 Rg5+ 42. Kd4 h5 43. gxh5 Rxh5 44. Kc5 Rh2 45. Rb4 Rc2+ 46. Kb6
Rxa2 47. Rb5 Kd7 48. Kxb7 Rc2 49. a6 Rc7+ 50. Kb6 1-0

[Event "Paignton Premier 45th"]
[Site "Paignton"]
[Date "1995.09.07"]
[Round "5.9"]
[White "Franklin, Michael J"]
[Black "Archibald, Alan David"]
[Result "1-0"]
[WhiteElo "2260"]
[BlackElo "1840"]
[PlyCount "77"]
[EventDate "1995.09.03"]
[EventType "swiss"]
[EventRounds "7"]
[EventCountry "ENG"]
[SourceTitle "BritBase"]
[Source "John Saunders"]
[SourceDate "2023.06.09"]
[SourceVersion "1"]
[SourceVersionDate "2023.06.09"]
[SourceQuality "1"]

1. d4 d5 2. Nf3 Nf6 3. e3 g6 4. c4 c6 5. Nc3 Bg7 6. Be2 O-O 7. O-O Bf5 8. Bd2
Ne4 9. cxd5 Nxc3 10. bxc3 cxd5 11. Qb3 b6 12. c4 dxc4 13. Bxc4 Nc6 14. Rac1 Rc8
15. h3 h6 16. Nh4 Qd7 17. Nxf5 Qxf5 18. Qb5 Qxb5 19. Bxb5 Nb8 20. Bb4 a6 21.
Be2 Bf6 22. Bg4 Rc6 23. Bf3 Rcc8 24. Bb7 Rxc1 25. Rxc1 a5 26. Ba3 Rd8 27. Rc7
e6 28. Kf1 Rd7 29. Rxd7 Nxd7 30. Bc6 Nf8 31. Bd6 Bd8 32. Ke2 g5 33. Kd3 Ng6 34.
Kc4 Ne7 35. Bb7 Kf8 36. Kb5 f5 37. Bb8 Kf7 38. Ba7 g4 39. Bxb6 1-0

[Event "Paignton Premier 45th"]
[Site "Paignton"]
[Date "1995.09.07"]
[Round "5.10"]
[White "George, Ian M"]
[Black "Hempson, Peter W"]
[Result "1/2-1/2"]
[WhiteElo "2072"]
[BlackElo "2255"]
[PlyCount "68"]
[EventDate "1995.09.03"]
[EventType "swiss"]
[EventRounds "7"]
[EventCountry "ENG"]
[SourceTitle "BritBase"]
[Source "John Saunders"]
[SourceDate "2023.06.09"]
[SourceVersion "1"]
[SourceVersionDate "2023.06.09"]
[SourceQuality "1"]

1. e4 e6 2. d4 d5 3. exd5 exd5 4. Nf3 Bd6 5. c4 c6 6. Nc3 Ne7 7. c5 Bc7 8. Bd3
Bf5 9. Bg5 f6 10. Bh4 Qd7 11. O-O O-O 12. Bg3 Bxd3 13. Qxd3 Na6 14. a3 Rae8 15.
Rfe1 Nf5 16. Rxe8 Rxe8 17. Re1 Rxe1+ 18. Nxe1 Qe6 19. Nf3 Nxg3 20. hxg3 Nb8 21.
b4 Nd7 22. Kf1 f5 23. Ng5 Qf6 24. f4 Nf8 25. Qe3 h6 26. Nf3 Ne6 27. Ne5 Bxe5
28. fxe5 Qg6 29. Ne2 Qg4 30. Kf2 Kf7 31. Nf4 Qd1 32. Nxe6 Kxe6 33. Qc3 a6 34.
Qe3 Qc2+ 1/2-1/2